Signals and Systems (Record no. 789)

MARC details
000 -LEADER
fixed length control field 00335nam a2200145Ia 4500
008 - FIXED-LENGTH DATA ELEMENTS--GENERAL INFORMATION
fixed length control field 191201s2005 xx 000 0 und d
082 ## - DEWEY DECIMAL CLASSIFICATION NUMBER
Classification number 621.38043
Item number HAS
100 ## - MAIN ENTRY--PERSONAL NAME
Personal name HAYKIN, Simon
245 #0 - TITLE STATEMENT
Title Signals and Systems
250 ## - EDITION STATEMENT
Edition statement 2nd
260 ## - PUBLICATION, DISTRIBUTION, ETC. (IMPRINT)
Place of publication, distribution, etc N.Delhi
Name of publisher, distributor, etc John Wiley
Date of publication, distribution, etc 2005
300 ## - PHYSICAL DESCRIPTION
Extent 802
650 ## - SUBJECT ADDED ENTRY--TOPICAL TERM
Topical term or geographic name as entry element B.Tech(ECE)
942 ## - ADDED ENTRY ELEMENTS (KOHA)
Source of classification or shelving scheme Dewey Decimal Classification
Koha item type Text Books
Holdings
Withdrawn status Lost status Source of classification or shelving scheme Damaged status Not for loan Collection code Home library Current library Date acquired Source of acquisition Cost, normal purchase price Bill Number Total Checkouts Full call number Acc. no. / Barcode Date last seen Bill Date Koha item type
    Dewey Decimal Classification     B.Tech(ECE) PIET C-LIBRARY PIET C-LIBRARY 06/08/2006 M/s UBS Publishers, New Delhi 258.00 125418   621.38043 HAS 59 04/12/2019 18/08/2005 Text Books
    Dewey Decimal Classification     B.Tech(ECE) PIET C-LIBRARY PIET C-LIBRARY 06/08/2006 M/s UBS Publishers, New Delhi 258.00 125418   621.38043 HAS 60 04/12/2019 18/08/2005 Text Books
    Dewey Decimal Classification     B.Tech(ECE) PIET C-LIBRARY PIET C-LIBRARY 06/08/2006 M/s UBS Publishers, New Delhi 258.00 125418   621.38043 HAS 61 04/12/2019 18/08/2005 Text Books
    Dewey Decimal Classification     B.Tech(ECE) PIET C-LIBRARY PIET C-LIBRARY 06/08/2006 M/s UBS Publishers, New Delhi 258.00 125418   621.38043 HAS 62 04/12/2019 18/08/2005 Text Books
    Dewey Decimal Classification     B.Tech(ECE) PIET C-LIBRARY PIET C-LIBRARY 18/08/2006 M/s UDH , Delhi 250.00 125382   621.38043 HAS 2740 04/12/2019 23/08/2005 Text Books
    Dewey Decimal Classification     B.Tech(ECE) PIET C-LIBRARY PIET C-LIBRARY 18/08/2006 M/s UDH , Delhi 250.00 125382   621.38043 HAS 2741 04/12/2019 23/08/2005 Text Books
    Dewey Decimal Classification     B.Tech(ECE) PIET C-LIBRARY PIET C-LIBRARY 18/08/2006 M/s UDH , Delhi 250.00 125382   621.38043 HAS 2742 04/12/2019 23/08/2005 Text Books

Design & Developed by: PIET Central Library
R70 Miles Stone Pattikalyana Samalkha Panipat 132102
mail ID :- [email protected], Phone No:- 0180-2569700 Ex.216